000 00321 a2200157 4500
001 58065
020 _a
040 _cAnchieta - Pituba
100 _aLopes, Kleyde Mendes
240 1 0 _aMimos do céu
_lpor
245 1 0 _aMimos do céu
300 _a170
362 0 _a1997
650 4 _aPoesia brasileira
942 _cBK
999 _c58065
_d58065